Statistics for Five Most Guessed Cities by Continent - One Minute Sprint

Click here to take the quiz!

General Stats

  • This quiz has been taken 117 times
  • The average score is 16 of 30

Answer Stats

continent% guessedcity% Correct
North America97New York
98%
Europe99Paris
93%
Europe99London
91%
North America93Los Angeles
86%
Europe96Rome
84%
Asia98Tokyo
80%
Asia96Beijing
78%
Europe96Berlin
72%
Europe95Madrid
70%
South America85Rio de Janeiro
68%
North America89Mexico City
65%
North America85Chicago
63%
Oceania99Sydney
59%
Africa98Cairo
56%
South America77Buenos Aires
53%
South America75São Paulo
52%
Asia90Shanghai
51%
Oceania96Melbourne
46%
Africa90Cape Town
45%
Asia90Delhi
43%
North America82San Francisco
37%
South America67Bogotá
36%
South America69Lima
36%
Africa86Lagos
34%
Oceania96Perth
33%
Oceania96Auckland
30%
Africa95Johannesburg
27%
Asia86Mumbai
21%
Oceania94Wellington
19%
Africa84Nairobi
17%

Score Distribution

Percentile by Number Answered

Percent of People with Each Score

Your Score History

You have not taken this quiz